000
00201nam a2200085Ia 4500
008
120527s9999 xx 000 0 und d
100
_a
COLKBURN, D
245
_a
The practical guide to poetry
942
_c
BK
999
_c
25650
_d
25650